LEADER 01323nam a2200289 i 4500 001 000000161214 003 CaOOAMICUS 005 20070509000000.0 008 070509s1990 it u000 u ita u 013 $a138577 020 $a88-343-2663-6 040 $aSeMil$bita 100 1 $aAgosti, Stefano.$0(OLS)http://semarc/name/42535 245 10$aLezioni sul novecento :$bstoria, teoria e analisi letteraria /$cAgosti ... [et al.] ; A cura di Andrea Marino ; Con una premessa di Claudio Scarpati. 260 $aMilano :$bVita e Pensiero,$c1990. 300 $aXIII, 269 p. ;$c23 cm. 490 0 $aArti e scritture ;$v4. 650 4$aLetteratura italiana - Sec. 20.$0(OLS)http://semarc/subject/1259 700 1 $aScarpati, Claudio,$d<1939- >.$0(OLS)http://semarc/name/16015 700 1 $aMarino, Andrea.$0(OLS)http://semarc/name/42536 830 0$aArti e scritture ;$v4.$0(OLS)http://semarc/title/14303 850 $aSeMil 852 $aSeMil$W1$xVenegono$y1$m1E IV 1$j112646$B112646$CSeMilBibl$Z2$F124445 $81 961 $aLascito: Chierichetti mons. Giovanni 996 $6020$a88-343-2663-6$9(OLS)http://semarc/number/77222 996 $6245$aLezioni sul novecento :$bstoria, teoria e analisi letteraria$9(OLS)http://semarc/title/144209 996 $6260$aMilano :$bVita e Pensiero$9(OLS)http://semarc/publisher/29642 LEADER 01384nam a2200289 i 4500 001 000000120407 003 CaOOAMICUS 005 20031119000000.0 008 031119s2003 it u000 u ita u 013 $a93101 020 $a88-7652-962-4 040 $aSeMil$bita 100 1 $aPagliara, Cosimo <1952- >.$0(OLS)http://semarc/name/50122 245 13$aLa figura di Elia nel Vangelo di Marco :$baspetti semantici e funzionali /$cCosimo Pagliara. 260 $aRoma :$bPontificia Universitą Gregoriana,$c2003. 300 $a393 p. ;$c24 cm. 490 0 $aTesi Gregoriana. Serie Teologia ;$v97 500 $aContiene : Bibliografia. 650 4$aBibbia. Nuovo Testamento. Vangelo secondo Marco - Commentari, studi, critica, interpretazioni.$0(OLS)http://semarc/subject/143 650 4$aElia .$0(OLS)http://semarc/subject/15839 830 0$aTesi Gregoriana. Serie Teologia ;$v97.$0(OLS)http://semarc/title/351 850 $aSeMil 852 $aSeMil$W1$xVenegono$y1$m2M VI 197$j75594$B75594$CSeMilBibl$Z2$F77106 $81 961 $aSottoscrizione: Cittą Nuova (Agente) 996 $6020$a88-7652-962-4$9(OLS)http://semarc/number/105652 996 $6245$aLa figura di Elia nel Vangelo di Marco :$baspetti semantici e funzionali$9(OLS)http://semarc/title/177214 996 $6260$aRoma :$bPontificia Universitą Gregoriana$9(OLS)http://semarc/publisher/29750